Music Quiz

Random Music or Kpop Quiz

Guess the K-pop Song 2013 (audio) Quiz Stats

 Plays Quiz not verified by Sporcle

Also try: 2000s Lyric Match
Challenge
Share
Tweet
Embed
Score 0/18 Timer 08:00
0 Plays Today
Time Song % Correct
1:37-1:42Growl
95.9%
1:52-1:57I Got A Boy
89.6%
1:31-1:36Now
87.2%
0:20-0:26Crooked
86.5%
1:43-1:51No No No
85.9%
1:24-1:30Ringa Linga
85.5%
0:35-0:40Destiny
85.1%
1:12-1:16Rum Pum Pum Pum
83.9%
0:50-0:56Dream Girl
83.8%
Time Song % Correct
0:07-0:13A.D.T.O.Y
81.8%
1:04-1:11Falling in Love
80.1%
1:58-2:05No More Dream
79.1%
0:57-1:03Shadow
77.4%
0:41-0:49Smoky Girl
74.5%
1:17-1:23Give it to Me
74.3%
0:27-0:34The Red Shoes
67.7%
0:14-0:19U&I
64.6%
0:00-0:06Gotta Talk To U
62.5%

You're not logged in!

Compare scores with friends on all Sporcle quizzes.
OR
Log In

You Might Also Like...

Show Comments

Extras

Created Dec 11, 2013SourceReportNominate
Tags:Kpop Quiz, k-pop, Kpop Quiz

Top Quizzes Today


Score Distribution

Your Account Isn't Verified!

In order to create a playlist on Sporcle, you need to verify the email address you used during registration. Go to your Sporcle Settings to finish the process.

Report this User

Report this user for behavior that violates our Community Guidelines.

Details: